Je hoeft niet naar huis vannacht - Marco Borsato Lyrics - Statistics

General Stats
  • This quiz has been taken 7 times
  • The average score is 178 of 320
Answer Stats
Answer % Correct
al
100%
hoeft
100%
huis
100%
Je
100%
je
100%
jij
100%
naar
100%
Nee
100%
niet
100%
van
100%
vannacht
100%
als
75%
de
75%
Het
75%
het
75%
ik
75%
nacht
75%
We
75%
we
75%
zo
75%
dat
50%
Dit
50%
een
50%
En
50%
gaat
50%
gewacht
50%
hart
50%
heb
50%
hebben
50%
in
50%
is
50%
lang
50%
Maar
50%
me
50%
meer
50%
mij
50%
om
50%
Omdat
50%
Op
50%
T
50%
te
50%
Want
50%
wij
50%
wil
50%
bij
25%
blijf
25%
Blijf
25%
dan
25%
die
25%
Dieper
25%
dieper
25%
door
25%
dus
25%
Dus
25%
fluistert
25%
Geluk
25%
hetzelfde
25%
Hoeven
25%
jou
25%
kracht
25%
laat
25%
lacht
25%
laten
25%
leggen
25%
leven
25%
liefde
25%
ligt
25%
linkeroor
25%
lippen
25%
mn
25%
Mn
25%
moment
25%
mooi
25%
Niemand
25%
niets
25%
ons
25%
snel
25%
trapgat
25%
uit
25%
vallen
25%
veel
25%
Veel
25%
voel
25%
voor
25%
voorbij
25%
waarop
25%
wat
25%
zacht
25%
zachtjes
25%
zeggen
25%
zoent
25%
allang
0%
bent
0%
denk
0%
denkt
0%
gedacht
0%
gehoord
0%
had
0%
heeft
0%
ieder
0%
lichaam
0%
mooier
0%
nog
0%
ooit
0%
toch
0%
verstoord
0%
vraag
0%
woord
0%
Zonder
0%
Zoveel
0%
No matching quizzes found
Score Distribution
Percent of People with Each Score
Percentile by Number Answered
Your Score History
You have not taken this quiz